[Event "EYCC 2024 - G18"]
[Site "?"]
[Date "2024.08.31"]
[Round "9.1"]
[White "Orian, Noga"]
[Black "Tokarz, Izabela"]
[Result "1/2-1/2"]
[BlackElo "1941"]
[WhiteElo "2201"]
[LiveChessVersion "1.4.8"]

1. d4 {[%clk 1:30:57]} Nf6 {[%clk 1:30:57]} 2. c4 {[%clk 1:31:22]} g6
{[%clk 1:31:25]} 3. Nc3 {[%clk 1:31:45]} d5 {[%clk 1:31:51]} 4. Nf3
{[%clk 1:31:57]} Bg7 {[%clk 1:32:18]} 5. cxd5 {[%clk 1:31:52]} Nxd5
{[%clk 1:32:42]} 6. Bg5 {[%clk 1:32:04]} O-O {[%clk 1:30:58]} 7. Rc1
{[%clk 1:21:32]} Nxc3 {[%clk 1:12:11]} 8. Rxc3 {[%clk 1:20:40]} Nd7
{[%clk 1:10:50]} 9. Qd2 {[%clk 0:29:08]} Nf6 {[%clk 1:07:22]} 10. Bxf6
{[%clk 0:29:33]} Bxf6 {[%clk 1:06:24]} 11. h4 {[%clk 0:29:56]} h5
{[%clk 1:00:51]} 12. e4 {[%clk 0:30:17]} b6 {[%clk 0:54:51]} 13. e5
{[%clk 0:28:14]} Bg7 {[%clk 0:55:19]} 14. Bc4 {[%clk 0:27:52]} c5
{[%clk 0:51:44]} 15. d5 {[%clk 0:23:04]} Bf5 {[%clk 0:51:40]} 16. Re3
{[%clk 0:21:21]} a6 {[%clk 0:49:16]} 17. Ng5 {[%clk 0:17:32]} b5 {[%clk 0:49:25]}
18. Be2 {[%clk 0:18:00]} f6 {[%clk 0:40:30]} 19. exf6 {[%clk 0:18:01]} Rxf6
{[%clk 0:33:51]} 20. Bf3 {[%clk 0:15:57]} Rd6 {[%clk 0:33:21]} 21. O-O
{[%clk 0:14:47]} Ra7 {[%clk 0:24:26]} 22. Rfe1 {[%clk 0:13:51]} Bf6
{[%clk 0:23:04]} 23. Qe2 {[%clk 0:12:39]} Rad7 {[%clk 0:22:15]} 24. g3
{[%clk 0:10:24]} Qa5 {[%clk 0:20:15]} 25. a3 {[%clk 0:10:24]} Qa4
{[%clk 0:19:38]} 26. Ne4 {[%clk 0:10:05]} Bxe4 {[%clk 0:19:36]} 27. Bxe4
{[%clk 0:10:34]} Bg7 {[%clk 0:14:20]} 1/2-1/2

[Event "EYCC 2024 - G18"]
[Site "?"]
[Date "2024.08.31"]
[Round "9.2"]
[White "Manko, Mariia"]
[Black "Siekanska, Maria"]
[Result "1-0"]
[BlackElo "2097"]
[WhiteElo "2159"]
[LiveChessVersion "1.4.8"]

1. d4 {[%clk 1:30:58]} d5 {[%clk 1:30:57]} 2. c4 {[%clk 1:31:21]} e6
{[%clk 1:31:24]} 3. Nf3 {[%clk 1:31:44]} c6 {[%clk 1:31:49]} 4. g3
{[%clk 1:32:05]} f5 {[%clk 1:32:13]} 5. Nc3 {[%clk 1:29:50]} Bd6 {[%clk 1:32:25]}
6. Bf4 {[%clk 1:28:47]} Bxf4 {[%clk 1:32:47]} 7. gxf4 {[%clk 1:29:13]} Nf6
{[%clk 1:32:04]} 8. e3 {[%clk 1:28:37]} Nbd7 {[%clk 1:27:18]} 9. Qc2
{[%clk 1:22:59]} O-O {[%clk 1:19:27]} 10. Bd3 {[%clk 1:14:03]} dxc4
{[%clk 1:13:58]} 11. Bxc4 {[%clk 1:13:02]} Nb6 {[%clk 1:14:09]} 12. Bb3
{[%clk 1:08:39]} Kh8 {[%clk 1:10:23]} 13. O-O-O {[%clk 1:07:20]} a5
{[%clk 1:10:04]} 14. Ng5 {[%clk 1:01:37]} Nbd5 {[%clk 0:56:07]} 15. Kb1
{[%clk 0:55:34]} b5 {[%clk 0:47:18]} 16. e4 {[%clk 0:49:10]} Nb4 {[%clk 0:37:16]}
17. Qe2 {[%clk 0:45:54]} fxe4 {[%clk 0:34:11]} 18. Bxe6 {[%clk 0:37:20]} h6
{[%clk 0:24:06]} 19. h4 {[%clk 0:34:04]} Nbd5 {[%clk 0:22:15]} 20. Ncxe4
{[%clk 0:28:08]} Nxf4 {[%clk 0:20:39]} 21. Qc2 {[%clk 0:26:38]} hxg5
{[%clk 0:18:59]} 22. Nxf6 {[%clk 0:24:59]} Rxf6 {[%clk 0:16:20]} 23. hxg5+
{[%clk 0:24:57]} Rh6 {[%clk 0:16:47]} 24. gxh6 {[%clk 0:24:44]} Nxe6
{[%clk 0:15:44]} 25. hxg7+ {[%clk 0:23:12]} Kxg7 {[%clk 0:16:07]} 26. Qh7+
{[%clk 0:20:49]} Kf6 {[%clk 0:14:51]} 27. Rh6+ {[%clk 0:21:13]} Kg5
{[%clk 0:15:10]} 28. Qg6+ {[%clk 0:21:10]} Kf4 {[%clk 0:15:33]} 29. Qg3+
{[%clk 0:21:28]} 1-0

[Event "EYCC 2024 - G18"]
[Site "?"]
[Date "2024.08.31"]
[Round "9.3"]
[White "Cornileau, Juliette"]
[Black "Karacsonyi, Kata"]
[Result "1/2-1/2"]
[BlackElo "2184"]
[WhiteElo "2116"]
[LiveChessVersion "1.4.8"]

1. e4 {[%clk 1:30:57]} e5 {[%clk 1:30:35]} 2. Nf3 {[%clk 1:31:19]} Nc6
{[%clk 1:30:53]} 3. Bb5 {[%clk 1:31:15]} a6 {[%clk 1:31:11]} 4. Ba4
{[%clk 1:31:30]} f5 {[%clk 1:31:28]} 5. d4 {[%clk 1:26:40]} exd4 {[%clk 1:31:52]}
6. e5 {[%clk 1:25:23]} b5 {[%clk 1:32:15]} 7. Bb3 {[%clk 1:25:51]} Bb7
{[%clk 1:32:38]} 8. O-O {[%clk 1:22:49]} Na5 {[%clk 1:32:56]} 9. Bxg8
{[%clk 1:17:47]} Rxg8 {[%clk 1:27:22]} 10. Nxd4 {[%clk 1:16:57]} Qh4
{[%clk 1:01:42]} 11. Nc3 {[%clk 0:55:44]} b4 {[%clk 0:42:35]} 12. Nxf5
{[%clk 0:45:33]} Qc4 {[%clk 0:42:32]} 13. Ne3 {[%clk 0:41:27]} Qc6
{[%clk 0:41:21]} 14. Ncd5 {[%clk 0:39:42]} O-O-O {[%clk 0:35:52]} 15. b3
{[%clk 0:35:43]} Re8 {[%clk 0:31:36]} 16. a3 {[%clk 0:28:45]} Qg6
{[%clk 0:14:11]} 17. axb4 {[%clk 0:28:44]} Nc6 {[%clk 0:14:04]} 18. f4
{[%clk 0:23:29]} Nxb4 {[%clk 0:11:59]} 19. Nxb4 {[%clk 0:17:20]} Bxb4
{[%clk 0:12:21]} 20. Qd4 {[%clk 0:17:27]} Qb6 {[%clk 0:10:08]} 21. Qxb6
{[%clk 0:17:34]} cxb6 {[%clk 0:10:37]} 22. Ba3 {[%clk 0:16:02]} Bxa3
{[%clk 0:07:03]} 23. Rxa3 {[%clk 0:16:30]} g5 {[%clk 0:07:03]} 24. Nc4
{[%clk 0:07:53]} gxf4 {[%clk 0:07:18]} 25. Nd6+ {[%clk 0:08:14]} Kb8
{[%clk 0:07:41]} 26. Nxb7 {[%clk 0:08:39]} Kxb7 {[%clk 0:07:41]} 27. Ra4
{[%clk 0:08:00]} Rxe5 {[%clk 0:06:29]} 28. Raxf4 {[%clk 0:08:11]} Re2
{[%clk 0:02:12]} 29. R4f2 {[%clk 0:08:21]} Rxf2 {[%clk 0:01:46]} 30. Rxf2
{[%clk 0:08:50]} Rc8 {[%clk 0:00:36]} 31. Rd2 {[%clk 0:07:53]} Kc6
{[%clk 0:00:50]} 32. Kf2 {[%clk 0:07:50]} d5 {[%clk 0:00:50]} 33. g4
{[%clk 0:07:19]} a5 {[%clk 0:00:53]} 34. Re2 {[%clk 0:05:11]} b5 {[%clk 0:00:53]}
35. Re7 {[%clk 0:01:48]} a4 {[%clk 0:00:36]} 36. bxa4 {[%clk 0:01:59]} bxa4
{[%clk 0:01:04]} 37. Ra7 {[%clk 0:01:22]} Kb5 {[%clk 0:01:29]} 38. Rb7+
{[%clk 0:00:48]} Kc4 {[%clk 0:00:39]} 39. Ra7 {[%clk 0:01:01]} Kb4
{[%clk 0:00:56]} 40. Rb7+ {[%clk 0:01:12]} Ka3 {[%clk 0:01:01]} 41. Ke3
{[%clk 0:01:25]} Rc4 42. c3 Rxc3+ {[%clk 0:00:44]} 43. Rf7 Rc2 44. Rxh7
{[%clk 0:01:07]} Kb2 {[%clk 0:00:35]} 45. Rb7+ {[%clk 0:01:26]} Kc1
{[%clk 0:00:39]} 46. Ra7 {[%clk 0:00:39]} Rc4 {[%clk 0:00:44]} 47. g5
{[%clk 0:00:49]} Kc2 {[%clk 0:01:01]} 48. g6 {[%clk 0:01:00]} d4+
{[%clk 0:01:22]} 49. Kf2 {[%clk 0:00:38]} d3 {[%clk 0:00:39]} 50. g7
{[%clk 0:01:02]} Rg4 {[%clk 0:00:38]} 51. Rc7+ {[%clk 0:00:59]} Kd2
{[%clk 0:00:34]} 52. h3 {[%clk 0:01:03]} Rg6 {[%clk 0:00:40]} 53. h4
{[%clk 0:00:47]} a3 {[%clk 0:00:49]} 54. h5 {[%clk 0:00:52]} a2 {[%clk 0:00:34]}
55. hxg6 {[%clk 0:00:50]} a1=Q {[%clk 0:00:59]} 56. g8=Q {[%clk 0:01:17]} Qf6+
{[%clk 0:01:06]} 1/2-1/2

[Event "EYCC 2024 - G18"]
[Site "?"]
[Date "2024.08.31"]
[Round "9.4"]
[White "Ter-Avetisjana, Agnesa Stepania"]
[Black "Weersing, Abigail Riis"]
[Result "1/2-1/2"]
[BlackElo "1925"]
[WhiteElo "2089"]
[LiveChessVersion "1.4.8"]

1. d4 {[%clk 1:29:49]} d5 {[%clk 1:30:52]} 2. c4 {[%clk 1:30:14]} e6
{[%clk 1:31:16]} 3. Nc3 {[%clk 1:30:37]} Nf6 {[%clk 1:31:40]} 4. Nf3
{[%clk 1:30:58]} Be7 {[%clk 1:32:03]} 5. Bf4 {[%clk 1:31:22]} O-O
{[%clk 1:32:19]} 6. e3 {[%clk 1:31:47]} c5 {[%clk 1:32:18]} 7. dxc5
{[%clk 1:30:52]} Bxc5 {[%clk 1:32:42]} 8. cxd5 {[%clk 1:31:14]} Nxd5
{[%clk 1:30:24]} 9. Nxd5 {[%clk 1:31:05]} exd5 {[%clk 1:30:46]} 10. a3
{[%clk 1:30:38]} Bf5 {[%clk 1:22:59]} 11. Rc1 {[%clk 1:21:25]} Bb6
{[%clk 1:15:49]} 12. Bd3 {[%clk 1:19:34]} Bxd3 {[%clk 1:13:15]} 13. Qxd3
{[%clk 1:20:03]} Nc6 {[%clk 1:11:01]} 14. O-O {[%clk 1:10:09]} d4
{[%clk 1:07:16]} 15. exd4 {[%clk 0:59:42]} Nxd4 {[%clk 1:07:12]} 16. Ng5
{[%clk 0:52:10]} g6 {[%clk 1:04:05]} 17. Ne4 {[%clk 0:51:40]} Ne6
{[%clk 0:56:38]} 18. Bd6 {[%clk 0:41:32]} f5 {[%clk 0:48:59]} 19. Qd5
{[%clk 0:35:33]} Re8 {[%clk 0:49:08]} 20. Nc3 {[%clk 0:32:53]} Qd7
{[%clk 0:37:21]} 21. Rcd1 {[%clk 0:28:08]} Rad8 {[%clk 0:34:10]} 22. Qb3
{[%clk 0:24:40]} Qf7 {[%clk 0:30:49]} 23. Rfe1 {[%clk 0:20:18]} Nd4
{[%clk 0:24:44]} 24. Rxe8+ {[%clk 0:20:20]} Rxe8 {[%clk 0:25:10]} 25. Qxf7+
{[%clk 0:19:44]} Kxf7 {[%clk 0:25:39]} 26. Kf1 {[%clk 0:19:54]} Rd8
{[%clk 0:24:09]} 27. Bf4 {[%clk 0:18:55]} Ne6 {[%clk 0:19:34]} 28. Rxd8
{[%clk 0:19:13]} Bxd8 {[%clk 0:19:57]} 29. Be3 {[%clk 0:18:23]} a6
{[%clk 0:18:16]} 30. Ke2 {[%clk 0:17:49]} Bc7 {[%clk 0:16:26]} 31. g3
{[%clk 0:16:13]} f4 {[%clk 0:16:41]} 32. Ba7 {[%clk 0:14:47]} Nd8
{[%clk 0:13:12]} 33. Na4 {[%clk 0:07:26]} b5 {[%clk 0:10:15]} 34. Nc5
{[%clk 0:06:36]} a5 {[%clk 0:07:35]} 35. Nd3 {[%clk 0:06:58]} Nc6
{[%clk 0:07:18]} 36. Bc5 {[%clk 0:07:22]} fxg3 {[%clk 0:07:21]} 37. hxg3
{[%clk 0:07:05]} Ne5 {[%clk 0:05:21]} 38. b3 {[%clk 0:03:34]} Nxd3
{[%clk 0:03:09]} 39. Kxd3 {[%clk 0:04:03]} Ke6 {[%clk 0:03:24]} 40. Ke4
{[%clk 0:03:56]} Bd6 {[%clk 0:01:41]} 41. Bxd6 {[%clk 0:00:44]} Kxd6
{[%clk 0:02:08]} 42. b4 {[%clk 0:00:41]} axb4 {[%clk 0:01:30]} 43. axb4
{[%clk 0:01:10]} g5 {[%clk 0:00:36]} 44. g4 {[%clk 0:00:45]} Ke6 {[%clk 0:00:56]}
45. f3 {[%clk 0:00:54]} h6 {[%clk 0:01:20]} 1/2-1/2

[Event "EYCC 2024 - G18"]
[Site "?"]
[Date "2024.08.31"]
[Round "9.5"]
[White "Bargan, Victoria"]
[Black "Alexandri, Dimitra"]
[Result "0-1"]
[BlackElo "2008"]
[WhiteElo "1977"]
[LiveChessVersion "1.4.8"]

1. d4 {[%clk 1:30:58]} Nf6 {[%clk 1:30:51]} 2. Bf4 {[%clk 1:31:25]} g6
{[%clk 1:31:09]} 3. Nf3 {[%clk 1:31:41]} Bg7 {[%clk 1:31:30]} 4. h3
{[%clk 1:31:31]} O-O {[%clk 1:31:46]} 5. e3 {[%clk 1:31:52]} d6 {[%clk 1:31:55]}
6. Be2 {[%clk 1:31:28]} Nbd7 {[%clk 1:31:22]} 7. O-O {[%clk 1:31:14]} b6
{[%clk 1:30:58]} 8. c4 {[%clk 1:28:16]} Bb7 {[%clk 1:30:48]} 9. Nc3
{[%clk 1:28:32]} Re8 {[%clk 1:28:09]} 10. Qc2 {[%clk 1:26:48]} e5
{[%clk 1:27:08]} 11. dxe5 {[%clk 1:26:22]} Nxe5 {[%clk 1:24:17]} 12. Nxe5
{[%clk 1:24:29]} dxe5 {[%clk 1:24:09]} 13. Bh2 {[%clk 1:24:30]} Qe7
{[%clk 1:11:12]} 14. Rfd1 {[%clk 1:15:26]} Red8 {[%clk 1:07:21]} 15. Rac1
{[%clk 1:12:33]} c5 {[%clk 0:59:57]} 16. Qb3 {[%clk 1:06:58]} Ne8
{[%clk 0:57:44]} 17. Nd5 {[%clk 1:03:48]} Bxd5 {[%clk 0:58:01]} 18. cxd5
{[%clk 1:04:07]} Nd6 {[%clk 0:58:11]} 19. Bb5 {[%clk 1:01:24]} f5
{[%clk 0:54:34]} 20. Bc6 {[%clk 1:00:42]} Rab8 {[%clk 0:54:53]} 21. a3
{[%clk 0:57:13]} Rf8 {[%clk 0:46:47]} 22. Re1 {[%clk 0:49:29]} g5
{[%clk 0:32:19]} 23. Qa2 {[%clk 0:39:04]} g4 {[%clk 0:28:13]} 24. hxg4
{[%clk 0:37:44]} fxg4 {[%clk 0:27:57]} 25. b4 {[%clk 0:36:51]} c4
{[%clk 0:25:47]} 26. Rxc4 {[%clk 0:36:26]} Nxc4 {[%clk 0:24:34]} 27. Qxc4
{[%clk 0:36:52]} Qf7 {[%clk 0:21:57]} 28. Rf1 {[%clk 0:33:50]} h5
{[%clk 0:19:24]} 29. Qe4 {[%clk 0:28:35]} Qf6 {[%clk 0:17:37]} 30. Bd7
{[%clk 0:27:59]} Rbd8 {[%clk 0:16:16]} 31. Be6+ {[%clk 0:28:23]} Kh8
{[%clk 0:15:59]} 32. f4 {[%clk 0:26:04]} exf4 {[%clk 0:12:12]} 33. Bxf4
{[%clk 0:26:22]} Rde8 {[%clk 0:08:29]} 34. Rc1 {[%clk 0:16:24]} h4
{[%clk 0:02:29]} 35. Qc4 {[%clk 0:12:15]} g3 {[%clk 0:01:34]} 36. Be5
{[%clk 0:08:26]} Qg5 {[%clk 0:00:36]} 37. Bf4 {[%clk 0:08:17]} Qg6
{[%clk 0:00:37]} 38. Rf1 {[%clk 0:06:01]} Qf6 {[%clk 0:00:41]} 39. Rd1
{[%clk 0:05:17]} Bh6 {[%clk 0:00:37]} 40. Bxh6 {[%clk 0:04:05]} Qxh6
{[%clk 0:01:03]} 41. Qd4+ {[%clk 0:04:16]} Qf6 {[%clk 0:01:12]} 42. Qc4
{[%clk 0:02:38]} a5 {[%clk 0:00:47]} 43. b5 {[%clk 0:02:19]} Rd8 {[%clk 0:00:57]}
44. e4 {[%clk 0:01:59]} Qxe6 {[%clk 0:00:58]} 45. Qe2 {[%clk 0:01:59]} Qh6
{[%clk 0:01:16]} 46. e5 {[%clk 0:01:40]} Qg5 {[%clk 0:00:59]} 47. d6
{[%clk 0:01:59]} Qf5 {[%clk 0:00:40]} 48. Rd4 {[%clk 0:01:30]} Qf2+
{[%clk 0:00:53]} 49. Qxf2 {[%clk 0:01:55]} gxf2+ {[%clk 0:01:14]} 50. Kf1
{[%clk 0:02:23]} Rfe8 {[%clk 0:01:18]} 51. Rxh4+ {[%clk 0:02:42]} Kg7
{[%clk 0:01:43]} 52. Rh5 {[%clk 0:03:03]} Kg6 {[%clk 0:02:07]} 53. g4
{[%clk 0:03:30]} Re6 {[%clk 0:02:08]} 54. Kxf2 {[%clk 0:03:19]} Rde8
{[%clk 0:02:10]} 55. Ke3 {[%clk 0:02:47]} Rxd6 {[%clk 0:02:20]} 56. Ke4
{[%clk 0:02:52]} Rde6 {[%clk 0:02:32]} 57. Kd5 {[%clk 0:02:52]} a4
{[%clk 0:02:26]} 58. Rf5 {[%clk 0:03:08]} R8e7 {[%clk 0:02:36]} 59. Rh5
{[%clk 0:03:20]} Kf7 {[%clk 0:02:41]} 60. Rf5+ {[%clk 0:03:32]} Ke8
{[%clk 0:02:36]} 61. g5 {[%clk 0:03:57]} Rg6 {[%clk 0:02:48]} 62. Ke4
{[%clk 0:04:07]} Kd7 {[%clk 0:03:03]} 63. Kf4 {[%clk 0:04:08]} Ke6
{[%clk 0:03:08]} 64. Kg4 {[%clk 0:03:32]} Rf7 {[%clk 0:02:45]} 65. Rf6+
{[%clk 0:03:54]} Rgxf6 {[%clk 0:02:51]} 66. exf6 {[%clk 0:04:20]} Rc7
{[%clk 0:02:59]} 0-1

[Event "EYCC 2024 - G18"]
[Site "?"]
[Date "2024.08.31"]
[Round "9.6"]
[White "Zelbova, Lada"]
[Black "Minaeva, Juliana"]
[Result "0-1"]
[BlackElo "1807"]
[WhiteElo "1983"]
[LiveChessVersion "1.4.8"]

1. d4 {[%clk 1:30:57]} d5 {[%clk 1:30:51]} 2. Bf4 {[%clk 1:31:17]} c5
{[%clk 1:30:54]} 3. e3 {[%clk 1:31:22]} Nc6 {[%clk 1:31:03]} 4. Nf3
{[%clk 1:29:20]} Nf6 {[%clk 1:31:05]} 5. Nbd2 {[%clk 1:29:15]} cxd4
{[%clk 1:30:59]} 6. exd4 {[%clk 1:29:35]} Bf5 {[%clk 1:30:57]} 7. c3
{[%clk 1:29:09]} e6 {[%clk 1:30:09]} 8. Qa4 {[%clk 1:25:42]} Be7 {[%clk 1:28:03]}
9. Bb5 {[%clk 1:25:03]} Qb6 {[%clk 1:27:55]} 10. Ne5 {[%clk 1:24:05]} Rc8
{[%clk 1:27:44]} 11. b4 {[%clk 1:22:26]} Ne4 {[%clk 1:23:52]} 12. Nxe4
{[%clk 1:21:08]} Bxe4 {[%clk 1:24:00]} 13. Nxc6 {[%clk 1:19:18]} bxc6
{[%clk 1:24:00]} 14. Ba6 {[%clk 1:19:30]} Rd8 {[%clk 1:21:48]} 15. O-O
{[%clk 1:14:13]} O-O {[%clk 1:20:40]} 16. Rfd1 {[%clk 1:13:40]} Bd6
{[%clk 1:17:55]} 17. Bxd6 {[%clk 1:12:47]} Rxd6 {[%clk 1:18:23]} 18. Bf1
{[%clk 1:10:32]} Re8 {[%clk 1:13:17]} 19. Qa6 {[%clk 1:08:20]} Qb8
{[%clk 1:11:30]} 20. a4 {[%clk 0:58:44]} e5 {[%clk 1:02:53]} 21. Bd3
{[%clk 0:50:45]} exd4 {[%clk 0:58:51]} 22. Bxe4 {[%clk 0:49:51]} dxe4
{[%clk 0:57:10]} 23. cxd4 {[%clk 0:47:05]} Rh6 {[%clk 0:42:00]} 24. h3
{[%clk 0:46:25]} e3 {[%clk 0:41:01]} 25. fxe3 {[%clk 0:38:45]} Qg3
{[%clk 0:33:45]} 26. Qe2 {[%clk 0:38:35]} Rxh3 {[%clk 0:32:17]} 27. Qe1
{[%clk 0:31:36]} Qg4 {[%clk 0:19:14]} 28. Rd3 {[%clk 0:23:18]} Re6
{[%clk 0:16:12]} 29. d5 Reh6 {[%clk 0:15:28]} 30. dxc6 {[%clk 0:17:57]} Rh1+
{[%clk 0:15:47]} 31. Kf2 {[%clk 0:18:21]} Rf6# {[%clk 0:16:10]} 0-1

[Event "EYCC 2024 - G18"]
[Site "?"]
[Date "2024.08.31"]
[Round "9.7"]
[White "Barwinska, Ewa"]
[Black "Tashkinova, Sofiia"]
[Result "0-1"]
[BlackElo "2093"]
[WhiteElo "2035"]
[LiveChessVersion "1.4.8"]

1. e4 {[%clk 1:30:58]} c5 {[%clk 1:30:52]} 2. Nf3 {[%clk 1:31:14]} Nc6
{[%clk 1:31:13]} 3. d4 {[%clk 1:28:50]} cxd4 {[%clk 1:31:37]} 4. Nxd4
{[%clk 1:29:16]} e5 {[%clk 1:31:59]} 5. Nb5 {[%clk 1:29:13]} d6 {[%clk 1:32:19]}
6. c4 {[%clk 1:29:07]} a6 {[%clk 1:32:29]} 7. N5c3 {[%clk 1:26:41]} Nf6
{[%clk 1:32:28]} 8. Na3 {[%clk 1:25:07]} g6 {[%clk 1:32:08]} 9. Nc2
{[%clk 1:24:03]} Bg7 {[%clk 1:32:17]} 10. Be2 {[%clk 1:21:33]} Be6
{[%clk 1:31:29]} 11. O-O {[%clk 1:18:53]} O-O {[%clk 1:30:52]} 12. b3
{[%clk 1:12:41]} Ne8 {[%clk 1:27:25]} 13. Ba3 f5 {[%clk 1:24:56]} 14. Qd3
{[%clk 1:05:54]} Nd4 {[%clk 1:20:13]} 15. Nxd4 {[%clk 0:54:34]} exd4
{[%clk 1:19:58]} 16. Nd5 {[%clk 0:54:20]} Qh4 {[%clk 1:14:33]} 17. Bf3
{[%clk 0:48:07]} Bxd5 {[%clk 1:08:51]} 18. exd5 {[%clk 0:47:58]} Be5
{[%clk 1:06:15]} 19. g3 {[%clk 0:46:49]} Qf6 {[%clk 1:03:55]} 20. Rad1
{[%clk 0:46:14]} g5 {[%clk 1:02:43]} 21. Bb2 {[%clk 0:40:50]} g4 {[%clk 1:01:35]}
22. Be2 {[%clk 0:40:52]} Qg5 {[%clk 0:59:14]} 23. Bxd4 {[%clk 0:37:33]} f4
{[%clk 0:58:59]} 24. Rfe1 {[%clk 0:35:24]} Nf6 {[%clk 0:53:59]} 25. Bf1
{[%clk 0:30:58]} Nd7 {[%clk 0:49:31]} 26. Bg2 {[%clk 0:21:48]} Rf6
{[%clk 0:45:41]} 27. gxf4 {[%clk 0:11:33]} Qxf4 {[%clk 0:43:20]} 28. Qg3
{[%clk 0:10:13]} Bxd4 {[%clk 0:41:42]} 29. Qxf4 {[%clk 0:07:29]} Rxf4
{[%clk 0:42:05]} 30. Re7 {[%clk 0:07:31]} Bxf2+ {[%clk 0:41:49]} 31. Kh1
{[%clk 0:07:57]} Ne5 {[%clk 0:41:17]} 32. Rxb7 {[%clk 0:08:05]} Raf8
{[%clk 0:41:38]} 33. Rc7 {[%clk 0:07:37]} g3 {[%clk 0:41:56]} 34. hxg3
{[%clk 0:07:58]} Bxg3 {[%clk 0:42:12]} 35. Bh3 {[%clk 0:08:09]} Ng4
{[%clk 0:41:44]} 36. Bxg4 {[%clk 0:08:30]} Rxg4 {[%clk 0:42:07]} 37. Rc6
{[%clk 0:08:51]} Be5 {[%clk 0:42:00]} 38. Rxa6 {[%clk 0:09:02]} Rf2
{[%clk 0:42:19]} 0-1

[Event "EYCC 2024 - G18"]
[Site "?"]
[Date "2024.08.31"]
[Round "9.8"]
[White "Blokhin, Sofia"]
[Black "Kochavi, Dana"]
[Result "0-1"]
[BlackElo "2083"]
[WhiteElo "2052"]
[LiveChessVersion "1.4.8"]

1. d4 {[%clk 1:30:58]} Nf6 {[%clk 1:30:56]} 2. c4 {[%clk 1:31:24]} g6
{[%clk 1:31:24]} 3. Nc3 {[%clk 1:31:48]} Bg7 {[%clk 1:31:51]} 4. e4
{[%clk 1:32:13]} d6 {[%clk 1:32:18]} 5. f3 {[%clk 1:32:38]} O-O {[%clk 1:32:46]}
6. Be3 {[%clk 1:33:03]} c5 {[%clk 1:33:13]} 7. d5 {[%clk 1:33:06]} e6
{[%clk 1:33:39]} 8. Qd2 {[%clk 1:33:18]} exd5 {[%clk 1:34:04]} 9. cxd5
{[%clk 1:33:42]} a6 {[%clk 1:34:32]} 10. a4 {[%clk 1:33:55]} Re8 {[%clk 1:34:58]}
11. Nge2 {[%clk 1:25:44]} Nbd7 {[%clk 1:35:10]} 12. Ng3 {[%clk 1:21:28]} h5
{[%clk 1:35:35]} 13. Be2 {[%clk 1:17:29]} Ne5 {[%clk 1:32:11]} 14. Bg5
{[%clk 1:11:49]} Qc7 {[%clk 1:12:24]} 15. O-O {[%clk 1:02:09]} Nh7
{[%clk 1:04:03]} 16. Be3 {[%clk 0:58:41]} b6 {[%clk 0:59:46]} 17. Rac1
{[%clk 0:53:21]} Qe7 {[%clk 0:51:51]} 18. Nh1 {[%clk 0:49:46]} Bd7
{[%clk 0:46:16]} 19. Nf2 {[%clk 0:47:10]} Reb8 {[%clk 0:43:05]} 20. h3
{[%clk 0:41:39]} b5 {[%clk 0:31:59]} 21. b3 {[%clk 0:35:49]} f5 {[%clk 0:23:10]}
22. f4 {[%clk 0:33:35]} Nf7 {[%clk 0:23:35]} 23. exf5 {[%clk 0:32:50]} gxf5
{[%clk 0:24:01]} 24. Bxh5 {[%clk 0:30:03]} Nf6 {[%clk 0:24:26]} 25. Bf3
{[%clk 0:29:03]} bxa4 {[%clk 0:24:12]} 26. bxa4 {[%clk 0:29:08]} Rb4
{[%clk 0:24:15]} 27. Rfe1 {[%clk 0:25:05]} Qd8 {[%clk 0:22:38]} 28. g4
{[%clk 0:23:53]} fxg4 {[%clk 0:20:35]} 29. hxg4 {[%clk 0:23:58]} Qc8
{[%clk 0:20:56]} 30. g5 {[%clk 0:22:37]} Ng4 {[%clk 0:21:18]} 31. Nxg4
{[%clk 0:15:34]} Bxg4 {[%clk 0:21:36]} 32. Bg2 {[%clk 0:12:23]} Qf5
{[%clk 0:18:46]} 33. Bf1 {[%clk 0:09:07]} Bf3 {[%clk 0:17:19]} 34. Bg2
{[%clk 0:06:56]} Nxg5 {[%clk 0:15:21]} 35. Rf1 {[%clk 0:03:47]} Ne4
{[%clk 0:14:06]} 36. Nxe4 {[%clk 0:03:04]} Bxe4 {[%clk 0:14:28]} 37. Bxe4
{[%clk 0:02:42]} Rxe4 {[%clk 0:14:52]} 38. Rce1 {[%clk 0:02:00]} Rae8
{[%clk 0:14:14]} 39. Bf2 {[%clk 0:01:52]} Qg4+ {[%clk 0:14:21]} 40. Kh2
{[%clk 0:02:10]} Kf7 {[%clk 0:14:42]} 41. Bg3 {[%clk 0:02:11]} Re2+
{[%clk 0:14:40]} 42. Rxe2 {[%clk 0:02:19]} Rxe2+ {[%clk 0:15:02]} 43. Rf2
{[%clk 0:02:41]} Rxd2 {[%clk 0:15:27]} 44. Rxd2 {[%clk 0:03:07]} c4
{[%clk 0:15:41]} 45. f5 {[%clk 0:02:32]} Be5 {[%clk 0:15:54]} 46. Bxe5
{[%clk 0:02:15]} Qh4+ {[%clk 0:16:19]} 47. Kg2 {[%clk 0:02:29]} Qg5+
{[%clk 0:16:44]} 0-1

[Event "EYCC 2024 - G18"]
[Site "?"]
[Date "2024.08.31"]
[Round "9.9"]
[White "Hernandez Tellez, Claudia"]
[Black "Suarez Gomez, Paula"]
[Result "1/2-1/2"]
[BlackElo "2080"]
[WhiteElo "2025"]
[LiveChessVersion "1.4.8"]

1. e4 {[%clk 1:30:57]} e6 {[%clk 1:30:56]} 2. d4 {[%clk 1:31:22]} d5
{[%clk 1:31:23]} 3. e5 {[%clk 1:31:47]} c5 {[%clk 1:31:38]} 4. c3
{[%clk 1:32:09]} Bd7 {[%clk 1:31:10]} 5. Nf3 {[%clk 1:32:01]} Qb6
{[%clk 1:29:33]} 6. Be2 {[%clk 1:28:18]} Bb5 {[%clk 1:29:40]} 7. dxc5
{[%clk 1:28:27]} Bxc5 {[%clk 1:28:45]} 8. b4 {[%clk 1:28:51]} Be7
{[%clk 1:15:31]} 9. Bxb5+ {[%clk 1:19:28]} Qxb5 {[%clk 1:15:06]} 10. Nd4
{[%clk 1:18:57]} Qc4 {[%clk 1:05:08]} 11. Bb2 {[%clk 1:09:54]} Nd7
{[%clk 1:02:20]} 12. f4 {[%clk 1:08:37]} a6 {[%clk 1:02:03]} 13. a4
{[%clk 1:05:52]} Nh6 {[%clk 0:51:10]} 14. Na3 {[%clk 0:59:10]} Qc7
{[%clk 0:51:25]} 15. Qh5 {[%clk 0:59:18]} O-O {[%clk 0:40:38]} 16. O-O
{[%clk 0:55:26]} Nb6 {[%clk 0:31:36]} 17. Nac2 {[%clk 0:53:22]} Nc4
{[%clk 0:28:24]} 18. Bc1 {[%clk 0:53:35]} Qd7 {[%clk 0:28:52]} 19. Rf3
{[%clk 0:47:48]} f6 {[%clk 0:22:50]} 20. Rh3 {[%clk 0:30:28]} f5 {[%clk 0:22:50]}
21. Nf3 {[%clk 0:27:50]} Qe8 {[%clk 0:21:17]} 22. Ncd4 {[%clk 0:25:13]} Bd8
{[%clk 0:20:17]} 23. Ng5 {[%clk 0:19:30]} Qxh5 {[%clk 0:20:17]} 24. Rxh5
{[%clk 0:19:55]} Bxg5 {[%clk 0:20:41]} 25. fxg5 {[%clk 0:20:17]} Ng4
{[%clk 0:19:53]} 26. Nxe6 {[%clk 0:20:07]} Rf7 {[%clk 0:20:16]} 27. Bf4
{[%clk 0:18:21]} Ngxe5 {[%clk 0:19:58]} 28. Bxe5 {[%clk 0:17:59]} Nxe5
{[%clk 0:20:10]} 29. Nf4 {[%clk 0:17:54]} g6 {[%clk 0:14:43]} 30. Rh3
{[%clk 0:18:04]} d4 {[%clk 0:12:36]} 31. cxd4 {[%clk 0:14:46]} Nc6
{[%clk 0:13:01]} 32. d5 {[%clk 0:14:05]} Nxb4 {[%clk 0:13:26]} 33. Rb1
{[%clk 0:13:34]} a5 {[%clk 0:13:42]} 34. Rc3 {[%clk 0:12:12]} b6 {[%clk 0:08:32]}
35. Rd1 {[%clk 0:11:49]} Rd7 {[%clk 0:08:58]} 36. Rc4 {[%clk 0:08:57]} Rad8
{[%clk 0:06:51]} 37. Rcd4 {[%clk 0:08:19]} Rd6 {[%clk 0:06:37]} 38. Rc1
{[%clk 0:05:29]} R6d7 {[%clk 0:02:51]} 39. Rcd1 {[%clk 0:04:59]} Rd6
{[%clk 0:03:14]} 1/2-1/2